000 00706nam a2200241 a 4500
001 BRCA_7578
005 20190320205910.0
008 200613s1953----enkac#####---#000-0#eng-#
041 _aeng
044 _aenk
050 4 _aPQ2412.S2
_b.M38 1953
100 1 _aMaurois, André
_915420
245 1 0 _aLelia
_bthe life of George Sand
_cAndre Maurois ; translated from the french by Gerard Hopkins.
260 _aLondres
_bJ. Cape
_c1953
300 _a482 p.
_bil., retratos
_c23 cm.
500 _aS73
504 _aBibliografĂ­a p. 471-478
600 1 4 _aSand, George
_d1804-1876
_918695
650 1 4 _aLiteratura francesa
_918696
700 1 _aHopkins, Gerard
_etr.
_918697
902 _aGFM
942 _2lcc
_cB
999 _c7252
_d7252